Chaos okolo reformy verejnej správy?

Bibliographic Details
Main Author: Kačáni, Dušan (Author)
Format: Article
Language:Slovak
Subjects:

MARC

LEADER 00000nab a2200000 a 4500
001 vtls000789325
003 SK-MaSNL
005 20260302155824.0
008 180206c2002 xo 0 slo
015 |a SNBRB2002/04-11982 
035 |a CLN000140980 
040 |a SNKBUCL  |b slo  |c SNKBUCL  |e AACR2 
041 0 |a slo 
044 |a xo  |c SK 
080 |a 352:061.25(437.6):061.3  |2 UDC-MRF-SK2 
080 |a 352/354(437.6)  |2 UDC-MRF-SK2 
100 1 |a Kačáni, Dušan  |4 aut  |9 839863 
245 1 0 |a Chaos okolo reformy verejnej správy?  |c Dušan Kačáni 
610 7 |a Združenie miest a obcí Slovenska  |x besedy tlačové  |y 13.3.2002  |2 snkbucl  |9 854908 
650 0 7 |a správa verejná  |z Slovensko  |x reforma  |2 snkbucl  |9 463276 
655 7 |a články z novín a časopisov  |2 snkbucl  |9 267496 
773 0 |t Obecné noviny  |g Roč. 12, č. 13 (2002), s. 6 
850 |a Slovenská národná knižnica v Martine 
852 |a SNK  |b KIS3GCP 
958 |a RBX 
999 |c 1372713  |d 1374643